[Event "XXIV Festival Conca della Presolana A"]
[Site "Bratto - Castione della Presolana ITA"]
[Date "2004.08.21"]
[Round "2"]
[White "Bianco, Raffaele"]
[Black "Canova, Luca"]
[Result "1-0"]
[WhiteElo "2097"]
[BlackElo "2017"]
[PlyCount "159"]
[EventDate "2004.08.20"]

1.e4 e5 2.Nf3 Nc6 3.Bb5 a6 4.Ba4 Nf6 5.O-O b5 6.Bb3 Be7 7.Re1 d6 8.c3 O-O 
9.h3 Bb7 10.d4 Nd7 11.d5 Na5 12.Bc2 c6 13.dxc6 Bxc6 14.Nbd2 Re8 15.Nf1 Nc4
16.Ng3 Nc5 17.b3 Nb6 18.Nf5 Bf8 19.Ba3 g6 20.Ng3 Qc7 21.Bxc5 dxc5 22.Qe2 
c4 23.b4 a5 24.a3 Ra7 25.Qe3 Rea8 26.Rab1 axb4 27.axb4 Bg7 28.Red1 Ra2 29.
Rd2 Nd7 30.Rbd1 Bf8 31.Bb1 R2a3 32.Rb2 Qa7 33.Qd2 Ra1 34.Kh2 Qa3 35.Re1 
Be7 36.Re2 Kg7 37.Qe1 h5 38.h4 Bf6 39.Qd2 Rd8 40.Qe1 Nf8 41.Nf1 Ne6 42.g3 
Nf8 43.Kg1 Nd7 44.Ra2 Rxa2 45.Rxa2 Qb3 46.Qc1 Ra8 47.N1d2 Qxa2 48.Bxa2 
Rxa2 49.Qb1 Ra3 50.Qb2 Ra4 51.Ng5 Bd8 52.f3 Bb6+ 53.Kg2 f6 54.Nh3 Nf8 55.
Nf1 Ra8 56.Nf2 Ne6 57.Qe2 Ra3 58.Qd2 Kf7 59.Ne3 Ra1 60.Nd5 Ba7 61.Ne3 Ke7 
62.Nd5+ Kf7 63.Ne3 Ke7 64.Nfd1 Nc7 65.g4 Ne6 66.Qb2 Ra4 67.Kh2 Nf4 68.Qd2 
Nd3 69.gxh5 gxh5 70.Nf5+ Kd8 71.Nde3 Ra1 72.Qg2 Nf4 73.Qg8+ Kd7 74.Qg7+ 
Kc8 75.Qe7 Ra2+ 76.Kg1 Ne2+ 77.Kf1 Bxe3 78.Nd6+ Kb8 79.Qd8+ Ka7 80.Qc7+ 
1-0

[Event "XXIV Festival Conca della Presolana A"]
[Site "Bratto - Castione della Presolana ITA"]
[Date "2004.08.21"]
[Round "2"]
[White "Boccalatte, Piero"]
[Black "Ceccarini, Marco"]
[Result "1/2-1/2"]
[WhiteElo "2002"]
[BlackElo "2091"]
[PlyCount "67"]
[EventDate "2004.08.20"]

1.d4 d5 2.c4 e6 3.Nc3 Nf6 4.Bg5 Be7 5.e3 O-O 6.Nf3 h6 7.Bh4 b6 8.cxd5 exd5
9.Be2 Bb7 10.O-O c5 11.dxc5 bxc5 12.Rc1 Nbd7 13.Qc2 Rc8 14.Rfd1 Qb6 15.Rd2
d4 16.exd4 Bxf3 17.dxc5 Qxc5 18.Bxf3 Ne5 19.Qd1 Qb4 20.Bxf6 Bxf6 21.Ne4 
Nxf3+ 22.gxf3 Be5 23.Rxc8 Rxc8 24.Rd8+ Rxd8 25.Qxd8+ Kh7 26.Qd3 Kg8 27.
Qd8+ Kh7 28.Qd3 Kg8 29.b3 Qb6 30.Nd2 Qf6 31.Nc4 Qg5+ 32.Kh1 Qc1+ 33.Kg2 
Qg5+ 34.Kh1 1/2-1/2

[Event "XXIV Festival Conca della Presolana A"]
[Site "Bratto - Castione della Presolana ITA"]
[Date "2004.08.21"]
[Round "2"]
[White "Bonazzi, Edoardo"]
[Black "Gardi, Giuseppe"]
[Result "1-0"]
[WhiteElo "2115"]
[BlackElo "2061"]
[PlyCount "79"]
[EventDate "2004.08.20"]

1.Nf3 g6 2.c4 Bg7 3.Nc3 d6 4.g3 e5 5.Bg2 Nc6 6.O-O Nge7 7.d3 O-O 8.Rb1 a5 
9.a3 Bd7 10.b4 axb4 11.axb4 Qc8 12.Re1 f5 13.Nd2 f4 14.b5 fxg3 15.hxg3 Nd8
16.Nde4 Bh3 17.Bh1 Ne6 18.b6 c6 19.Nxd6 Qd7 20.Nde4 Nf5 21.Ng5 Nxg5 22.
Bxg5 Nxg3 23.fxg3 Qd4+ 24.e3 Qxc3 25.Be7 e4 26.Bxf8 Rxf8 27.d4 Rd8 28.Rc1 
Qa3 29.Qc2 Rxd4 30.Kh2 Rd3 31.Kxh3 Qd6 32.Rcd1 Qe6+ 33.Kh2 Qf5 34.Bxe4 
Qh5+ 35.Kg2 Rc3 36.Qf2 Qg5 37.Rd7 Bf6 38.Qf4 Qxf4 39.exf4 Rxc4 40.Rxb7 1-0

[Event "XXIV Festival Conca della Presolana A"]
[Site "Bratto - Castione della Presolana ITA"]
[Date "2004.08.21"]
[Round "2"]
[White "Bottino, Alexiei"]
[Black "Pechy, Alaster"]
[Result "0-1"]
[WhiteElo "2061"]
[BlackElo "2138"]
[PlyCount "32"]
[EventDate "2004.08.20"]

1.d4 Nf6 2.c4 g6 3.Nc3 d5 4.Nf3 Bg7 5.Bg5 Ne4 6.cxd5 Nxg5 7.Nxg5 e6 8.Qa4+
Bd7 9.Qb3 Qxg5 10.Qxb7 O-O 11.Qxa8 Nc6 12.Qb7 Nxd4 13.Kd1 exd5 14.e3 Bg4+ 
15.Kc1 Qf5 16.Kd2 Qxf2+ 0-1

[Event "XXIV Festival Conca della Presolana A"]
[Site "Bratto - Castione della Presolana ITA"]
[Date "2004.08.21"]
[Round "2"]
[White "Bresciani, Nicola"]
[Black "Maksimenko, Andrei"]
[Result "0-1"]
[WhiteElo "2284"]
[BlackElo "2524"]
[PlyCount "112"]
[EventDate "2004.08.20"]

1.e4 c5 2.Nf3 d6 3.d4 cxd4 4.Nxd4 Nf6 5.Nc3 a6 6.Be2 e6 7.O-O Qc7 8.f4 Be7
9.Kh1 O-O 10.Qe1 b5 11.Bf3 Bb7 12.e5 Ne8 13.Bxb7 Qxb7 14.Ne4 Nd7 15.exd6 
Nxd6 16.Nxd6 Bxd6 17.Be3 Nf6 18.Rd1 Rfd8 19.Qe2 Rac8 20.c3 Qe4 21.Rde1 Nd5
22.Bd2 Qxe2 23.Nxe2 Bc5 24.Ng3 b4 25.Ne4 bxc3 26.Nxc3 Nb4 27.Re2 Nd3 28.
Na4 Ba7 29.Be3 Bxe3 30.Rxe3 Rc2 31.h3 Nxb2 32.Nxb2 Rxb2 33.Ra3 Rdd2 34.
Rxa6 g6 35.Rg1 Rf2 36.Ra4 h5 37.h4 Kg7 38.Kh2 Kf6 39.Kg3 Rfd2 40.Ra3 Rdc2 
41.Kf3 Rf2+ 42.Kg3 Rfd2 43.Kf3 Rbc2 44.Kg3 Kf5 45.Ra5+ Rd5 46.Ra3 Re2 47.
Kf3 Rb2 48.Re1 Rdd2 49.Re5+ Kf6 50.g3 Rf2+ 51.Ke4 Rfe2+ 52.Kd4 Rbd2+ 53.
Kc3 Rxa2 54.Rxa2 Rxa2 55.Kb4 Rg2 56.Re3 Kf5 0-1

[Event "XXIV Festival Conca della Presolana A"]
[Site "Bratto - Castione della Presolana ITA"]
[Date "2004.08.21"]
[Round "2"]
[White "Cardini, Saverio"]
[Black "Zoldan, Matteo"]
[Result "0-1"]
[WhiteElo "2026"]
[BlackElo "2103"]
[PlyCount "88"]
[EventDate "2004.08.20"]

1.d4 Nf6 2.Nf3 g6 3.Bf4 d6 4.e3 Nh5 5.Bg5 h6 6.Bh4 g5 7.Bg3 Nd7 8.Bd3 Bg7 
9.c3 e6 10.Nfd2 Nxg3 11.hxg3 Qe7 12.Qe2 b6 13.Be4 d5 14.Bd3 Bb7 15.Na3 c5 
16.O-O-O a6 17.Rhe1 b5 18.dxc5 Nxc5 19.Nb3 Nxb3+ 20.axb3 b4 21.cxb4 Qxb4 
22.Bc2 O-O 23.f3 Rfc8 24.Kb1 Rc7 25.Qd3 Qd6 26.f4 Qe7 27.Ka2 Qf6 28.Rb1 
Rac8 29.g4 gxf4 30.Rf1 Qd8 31.Rxf4 Qg5 32.Rbf1 Qe5 33.Rb1 Bc6 34.Rf2 Bb5 
35.Qh7+ Kf8 36.Bg6 Be8 37.Rbf1 Rb8 38.Bh5 Qxe3 39.Rf3 Qe5 40.R3f2 Rb6 41.
Qg6 Kg8 42.Qb1 Rcb7 43.Rf3 Qb8 44.Qd3 a5 0-1

[Event "XXIV Festival Conca della Presolana A"]
[Site "Bratto - Castione della Presolana ITA"]
[Date "2004.08.21"]
[Round "2"]
[White "Caruso, Augusto"]
[Black "Piscopo, Pierluigi"]
[Result "0-1"]
[WhiteElo "2208"]
[BlackElo "2367"]
[PlyCount "74"]
[EventDate "2004.08.20"]

1.d4 Nf6 2.Nc3 d5 3.Bf4 Bf5 4.Nf3 e6 5.Ne5 Bb4 6.f3 h5 7.e3 c6 8.Bd3 h4 9.
Bxf5 exf5 10.Qd3 Rh5 11.O-O-O Qa5 12.Nb1 Qxa2 13.g4 fxg4 14.fxg4 Rxe5 15.
Bxe5 Ne4 16.c3 Bf8 17.Nd2 Nxd2 18.Rxd2 Qa1+ 19.Qb1 Qxb1+ 20.Kxb1 Nd7 21.e4
f6 22.Bf4 g5 23.Be3 dxe4 24.Re2 Kf7 25.Bc1 Re8 26.Rf1 Kg6 27.h3 Bd6 28.
Rfe1 f5 29.gxf5+ Kxf5 30.Rf1+ Bf4 31.Rg2 e3 32.Re2 Ke4 33.Bxe3 Kd3 34.Rd2+
Kxe3 35.Re1+ Kxd2 36.Rxe8 Nf6 37.Re7 g4 0-1

[Event "XXIV Festival Conca della Presolana A"]
[Site "Bratto - Castione della Presolana ITA"]
[Date "2004.08.21"]
[Round "2"]
[White "Castaldo, Folco"]
[Black "Cazzaniga, Walter"]
[Result "1/2-1/2"]
[WhiteElo "2318"]
[BlackElo "2081"]
[PlyCount "45"]
[EventDate "2004.08.20"]

1.c4 Nf6 2.Nc3 g6 3.g3 Bg7 4.Bg2 c5 5.a3 Nc6 6.Rb1 a5 7.e4 d6 8.Nge2 O-O 
9.O-O e5 10.d3 h6 11.h3 Nd4 12.b4 axb4 13.axb4 b6 14.f4 Bd7 15.Nxd4 cxd4 
16.Ne2 Qe7 17.b5 Bc8 18.f5 Nd7 19.g4 Kh7 20.Ng3 Bf6 21.Qf3 Bb7 22.Rf2 Kg7 
23.Bd2 1/2-1/2

[Event "XXIV Festival Conca della Presolana A"]
[Site "Bratto - Castione della Presolana ITA"]
[Date "2004.08.21"]
[Round "2"]
[White "Castelfranchi, Carlo"]
[Black "Bellia, Fabrizio"]
[Result "0-1"]
[WhiteElo "2086"]
[BlackElo "2409"]
[PlyCount "72"]
[EventDate "2004.08.20"]

1.e4 e5 2.Nf3 Nc6 3.Bb5 a6 4.Ba4 Nf6 5.d4 exd4 6.O-O Be7 7.Re1 b5 8.e5 
Nxe5 9.Nxe5 bxa4 10.Qxd4 O-O 11.Bg5 h6 12.Bh4 Rb8 13.Nd2 Rb6 14.Ndc4 Re6 
15.f4 Nh7 16.Bxe7 Rxe7 17.Ne3 Ree8 18.Qxa4 Nf6 19.Rad1 d6 20.N3c4 Ng4 21.
Nf3 Bb7 22.Nce5 Nxe5 23.Nxe5 Qh4 24.Nd3 Qg4 25.Rd2 Rxe1+ 26.Nxe1 Qe6 27.
Nd3 c5 28.Rf2 f5 29.Qb3 Bd5 30.Qc3 Bxa2 31.b3 c4 32.Nc1 cxb3 33.Re2 Rc8 
34.Qd3 b2 35.Nb3 Qxe2 36.Qd5+ Kh8 0-1

[Event "XXIV Festival Conca della Presolana A"]
[Site "Bratto - Castione della Presolana ITA"]
[Date "2004.08.21"]
[Round "2"]
[White "Cugini, Verter"]
[Black "Manzoni, Alessandro"]
[Result "1-0"]
[WhiteElo "2219"]
[BlackElo "2070"]
[PlyCount "109"]
[EventDate "2004.08.20"]

1.e4 d6 2.d4 Nf6 3.Nc3 g6 4.g3 c6 5.Bg2 Bg7 6.Nge2 Nbd7 7.O-O O-O 8.h3 Rb8
9.a4 b6 10.Be3 Bb7 11.Qd2 e6 12.Bh6 Ne8 13.Rad1 d5 14.Bxg7 Kxg7 15.e5 c5 
16.f4 f5 17.exf6+ Qxf6 18.Nb5 a6 19.Na3 Nd6 20.g4 Qh4 21.Qe1 Qxe1 22.Rdxe1
Rbd8 23.c3 h5 24.b3 hxg4 25.hxg4 Nf6 26.a5 Nfe4 27.axb6 Nd2 28.dxc5 N6e4 
29.Bxe4 dxe4 30.Nd4 Nf3+ 31.Rxf3 exf3 32.c6 f2+ 33.Kxf2 Rxf4+ 34.Kg3 Rfxd4
35.cxd4 Bxc6 36.Nc4 Bd5 37.Ra1 Rf8 38.Ne5 Bb7 39.Rc1 Bd5 40.Rc7+ Kh6 41.b7
Rb8 42.Nf7+ Kg7 43.Nd6+ Kf6 44.Rc8 Rxb7 45.Nxb7 Bxb7 46.Rf8+ Kg5 47.Rb8 
Bd5 48.Rb6 Kf6 49.Kh4 Kf7 50.Kg5 Kg7 51.b4 Bc4 52.Rb7+ Kf8 53.Kxg6 Bd5 54.
Ra7 Bc4 55.g5 1-0

[Event "XXIV Festival Conca della Presolana A"]
[Site "Bratto - Castione della Presolana ITA"]
[Date "2004.08.21"]
[Round "2"]
[White "D'Innocente, Stefano"]
[Black "Tatai, Stefano"]
[Result "1/2-1/2"]
[WhiteElo "2197"]
[BlackElo "2357"]
[PlyCount "118"]
[EventDate "2004.08.20"]

1.e4 c5 2.Nf3 d6 3.d4 cxd4 4.Nxd4 Nf6 5.f3 e5 6.Nb3 Be6 7.c4 Be7 8.Be3 O-O
9.Nc3 a6 10.Be2 Nbd7 11.O-O Qb8 12.Qd2 Rc8 13.Nd5 Bd8 14.a4 Bxd5 15.cxd5 
Bb6 16.a5 Bxe3+ 17.Qxe3 Rc2 18.Rab1 Qd8 19.Rfc1 Rac8 20.Bd3 Rxc1+ 21.Rxc1 
Rxc1+ 22.Qxc1 g6 23.g3 Kg7 24.Kf2 Ng8 25.Qc3 Ne7 26.Nd2 f5 27.Kg2 Nf6 28.
b4 Qd7 29.Nf1 g5 30.h3 f4 31.g4 h5 32.Be2 hxg4 33.hxg4 Ne8 34.Qc2 Ng6 35.
Nd2 Kf6 36.Kf1 Ke7 37.Nc4 Kd8 38.Nb6 Qc7 39.Qxc7+ Nxc7 40.Kf2 Nf8 41.Ke1 
Ng6 42.Kf2 Ne7 43.Ke1 Nc8 44.Nxc8 Kxc8 45.Kd2 Kb8 46.Kc3 Ka7 47.Kb3 Ne8 
48.Kc3 Nf6 49.Kb3 Nd7 50.Ka3 Nf8 51.Kb3 Ng6 52.Kc3 Nh4 53.b5 axb5 54.Kb4 
Ng2 55.Kxb5 Ne1 56.Bd1 Nd3 57.Be2 Nc5 58.Bc4 Na6 59.Ka4 Nc5+ 1/2-1/2

[Event "XXIV Festival Conca della Presolana A"]
[Site "Bratto - Castione della Presolana ITA"]
[Date "2004.08.21"]
[Round "2"]
[White "Danieli, Enrico"]
[Black "Mazzariol, Oscar"]
[Result "1/2-1/2"]
[WhiteElo "2139"]
[BlackElo "2073"]
[PlyCount "71"]
[EventDate "2004.08.20"]

1.d4 Nf6 2.Nf3 e6 3.e3 d5 4.Bd3 c5 5.O-O Nbd7 6.b3 Be7 7.Bb2 Qc7 8.Nbd2 
O-O 9.Ne5 cxd4 10.exd4 Nxe5 11.dxe5 Nd7 12.Re1 Nc5 13.Bf1 a5 14.Rc1 b6 15.
Nf3 Rd8 16.Nd4 Bd7 17.Qg4 a4 18.a3 Ne4 19.Bd3 Bg5 20.Bxe4 Bxc1 21.Bxc1 
dxe4 22.Bh6 Qxe5 23.Nf3 f5 24.Nxe5 fxg4 25.Bg5 Bb5 26.Bxd8 Rxd8 27.c4 Be8 
28.bxa4 Bxa4 29.Nxg4 Rd3 30.h4 Rxa3 31.Rxe4 Kf7 32.Ne3 Ra1+ 33.Kh2 Ra2 34.
Kg3 Bc2 35.Rd4 Ke7 36.Rg4 1/2-1/2

[Event "XXIV Festival Conca della Presolana A"]
[Site "Bratto - Castione della Presolana ITA"]
[Date "2004.08.21"]
[Round "2"]
[White "De Marco, Walter"]
[Black "Buccoliero, Alessandro"]
[Result "0-1"]
[WhiteElo "2053"]
[BlackElo "2123"]
[PlyCount "60"]
[EventDate "2004.08.20"]

1.c4 e5 2.Nc3 Ne7 3.Nf3 Nbc6 4.d4 exd4 5.Nxd4 Nxd4 6.Qxd4 Nc6 7.Qe4+ Be7 
8.e3 O-O 9.Bd3 f5 10.Qd5+ Kh8 11.Be2 Bf6 12.O-O Bxc3 13.bxc3 Qf6 14.Qd2 d6
15.Rb1 Ne5 16.Ba3 b6 17.f4 Nd7 18.Bf3 Rb8 19.Bc6 Qf7 20.e4 fxe4 21.Bxe4 
Qxc4 22.Bd5 Qa4 23.Rb3 Ba6 24.Rf3 Nc5 25.Bxc5 bxc5 26.c4 Bxc4 27.Rxb8 Rxb8
28.Rg3 Rb1+ 29.Kf2 Rf1+ 30.Ke3 Qe8+ 0-1

[Event "XXIV Festival Conca della Presolana A"]
[Site "Bratto - Castione della Presolana ITA"]
[Date "2004.08.21"]
[Round "2"]
[White "De Vita, Igor"]
[Black "Radice, Luca"]
[Result "1/2-1/2"]
[WhiteElo "2156"]
[BlackElo "2085"]
[PlyCount "57"]
[EventDate "2004.08.20"]

1.d4 d5 2.Nf3 Nf6 3.c4 e6 4.Nc3 Be7 5.Bg5 h6 6.Bh4 O-O 7.e3 Ne4 8.Bxe7 
Qxe7 9.cxd5 Nxc3 10.bxc3 exd5 11.Qc2 c5 12.Bd3 Nc6 13.O-O Bg4 14.Bf5 Bxf3 
15.gxf3 g6 16.Bh3 b5 17.Rab1 Rab8 18.a4 a6 19.f4 Na5 20.Bg2 Rfd8 21.Qa2 
Nc4 22.Rfd1 bxa4 23.Rxb8 Rxb8 24.Bxd5 Nd6 25.Rb1 Rxb1+ 26.Qxb1 Nf5 27.Qb6 
Kg7 28.e4 Qh4 29.exf5 1/2-1/2

[Event "XXIV Festival Conca della Presolana A"]
[Site "Bratto - Castione della Presolana ITA"]
[Date "2004.08.21"]
[Round "2"]
[White "Delfino, Luigi"]
[Black "Drabke, Lorenz Maximilian"]
[Result "0-1"]
[WhiteElo "2084"]
[BlackElo "2428"]
[PlyCount "90"]
[EventDate "2004.08.20"]

1.d4 d5 2.c4 c6 3.Nc3 dxc4 4.a4 e5 5.dxe5 Qxd1+ 6.Kxd1 Na6 7.g3 Be6 8.Nf3 
O-O-O+ 9.Nd2 f6 10.exf6 Nxf6 11.e4 Ng4 12.Ke2 Ne5 13.Bg2 Nb4 14.a5 Nc2 15.
Ra4 Bc5 16.Kd1 Nd4 17.Rf1 Bg4+ 18.f3 Ndxf3 19.Bxf3 Nxf3 20.Kc2 Nxh2 21.Rh1
Nf3 22.Rxc4 Nd4+ 23.Kb1 Be7 24.Nd5 Bg5 25.Rxd4 cxd5 26.exd5 Bf5+ 27.Ka1 
Bf6 28.Rc4+ Kb8 29.Nb3 Rxd5 30.Bf4+ Ka8 31.Rhc1 Rb5 32.Rc5 Rxb3 33.Rxf5 
Bxb2+ 34.Ka2 Bxc1 35.Kxb3 g6 36.Be5 gxf5 37.Bxh8 a6 38.Kc2 Bg5 39.Be5 Bd8 
40.Bc3 Kb8 41.Kd3 Kc7 42.Kc4 Kc6 43.Be1 Bc7 44.Kb4 Kd5 45.Bf2 h5 0-1

[Event "XXIV Festival Conca della Presolana A"]
[Site "Bratto - Castione della Presolana ITA"]
[Date "2004.08.21"]
[Round "2"]
[White "Drazic, Sinisa"]
[Black "Young, Craig A."]
[Result "1-0"]
[WhiteElo "2461"]
[BlackElo "2124"]
[PlyCount "91"]
[EventDate "2004.08.20"]

1.Nf3 d5 2.c4 c6 3.b3 Nf6 4.Bb2 Bg4 5.e3 Nbd7 6.h3 Bh5 7.Be2 e6 8.O-O Bd6 
9.d3 Bxf3 10.Bxf3 O-O 11.Nd2 Re8 12.Rc1 Rc8 13.Qe2 Bb8 14.Rfd1 Qc7 15.Nf1 
Qb6 16.a3 Be5 17.d4 Bb8 18.a4 Rcd8 19.Bc3 Qc7 20.Bb4 Nf8 21.Rd2 Ng6 22.g3 
Qd7 23.Bg2 Bd6 24.Ba5 Bc7 25.Bc3 Qe7 26.Rcd1 Bb8 27.e4 Nxe4 28.Bxe4 dxe4 
29.Qxe4 f5 30.Qf3 f4 31.Re2 Rf8 32.Qg4 Ne5 33.Rxe5 Bxe5 34.dxe5 fxg3 35.
Nxg3 Rxd1+ 36.Qxd1 Qg5 37.Kg2 Rd8 38.Qg4 Qe7 39.Ne4 Rd3 40.Bb4 Qxb4 41.
Qxe6+ Kf8 42.Nd6 Rxd6 43.exd6 h6 44.Qe7+ Kg8 45.Qe8+ Kh7 46.d7 1-0

[Event "XXIV Festival Conca della Presolana A"]
[Site "Bratto - Castione della Presolana ITA"]
[Date "2004.08.21"]
[Round "2"]
[White "Gangemi, Salvatore"]
[Black "Coratella, Giuseppe"]
[Result "1/2-1/2"]
[WhiteElo "2085"]
[BlackElo "2156"]
[PlyCount "116"]
[EventDate "2004.08.20"]

1.c4 g6 2.g3 Bg7 3.Bg2 c5 4.Nc3 Nc6 5.d3 e5 6.Nf3 Nge7 7.O-O O-O 8.Bg5 f6 
9.Be3 d6 10.Qc1 Be6 11.h4 Qd7 12.Kh2 Rae8 13.a3 a5 14.Bd2 Bg4 15.Rb1 f5 
16.e3 h6 17.Ng1 g5 18.hxg5 hxg5 19.f3 Qe6 20.Nge2 Bh5 21.e4 f4 22.g4 Bf7 
23.Rh1 Bf6 24.Nd5 Kg7 25.Nc7 Rh8+ 26.Kg1 Rxh1+ 27.Bxh1 Qc8 28.Nxe8+ Qxe8 
29.Bg2 Ng6 30.Kf2 Bd8 31.Qc2 Be6 32.Rh1 Nh4 33.Qd1 Qf7 34.Bh3 Bd7 35.Qf1 
Qe8 36.Ke1 Na7 37.Nc3 b5 38.Kd1 b4 39.Nd5 Ba4+ 40.Kc1 Nc6 41.Be1 Ng6 42.
axb4 axb4 43.Rh2 Nd4 44.Qh1 Bb3 45.Bf2 Qa4 46.Bxd4 exd4 47.Kd2 Qa2 48.Qc1 
Ne5 49.Bg2 Ba5 50.Ke2 Ba4 51.Bf1 Qb3 52.Qb1 Qc2+ 53.Qxc2 Bxc2 54.Kf2 b3 
55.Rh5 Nxd3+ 56.Bxd3 Bxd3 57.Rxg5+ Kf7 58.Rf5+ Kg7 1/2-1/2

[Event "XXIV Festival Conca della Presolana A"]
[Site "Bratto - Castione della Presolana ITA"]
[Date "2004.08.21"]
[Round "2"]
[White "Godena, Michele"]
[Black "Passoni, Carlo"]
[Result "1-0"]
[WhiteElo "2545"]
[BlackElo "2286"]
[PlyCount "109"]
[EventDate "2004.08.20"]

1.e4 e5 2.Nf3 Nc6 3.Bc4 Nf6 4.d3 Be7 5.O-O O-O 6.Re1 d6 7.a4 h6 8.a5 a6 9.
h3 Nh7 10.c3 Be6 11.Nbd2 Ng5 12.Nf1 Nxf3+ 13.Qxf3 Bg5 14.Bxg5 Qxg5 15.Ne3 
Ne7 16.Bxe6 fxe6 17.Qg4 Qf6 18.Rf1 g5 19.h4 Qg6 20.g3 Kg7 21.hxg5 hxg5 22.
Kg2 Rh8 23.Rh1 Raf8 24.Rxh8 Rxh8 25.Rh1 Rxh1 26.Kxh1 Ng8 27.Kg2 Nh6 28.Qd1
Qf7 29.Qb3 c6 30.Qb6 g4 31.Qd8 d5 32.Qg5+ Qg6 33.Qxe5+ Kh7 34.Qf4 Qg7 35.
d4 Qg6 36.exd5 cxd5 37.Qc7+ Kg8 38.Qb8+ Kg7 39.Qc7+ Kg8 40.Qf4 Kg7 41.b3 
Qf6 42.c4 dxc4 43.bxc4 Kf7 44.Qe4 Ke8 45.d5 Ke7 46.c5 Qf3+ 47.Qxf3 gxf3+ 
48.Kxf3 exd5 49.Nxd5+ Ke6 50.Ke4 Ng4 51.Nf4+ Ke7 52.f3 Nf6+ 53.Kf5 Nd7 54.
Nd3 Nb8 55.Ne5 1-0

[Event "XXIV Festival Conca della Presolana A"]
[Site "Bratto - Castione della Presolana ITA"]
[Date "2004.08.21"]
[Round "2"]
[White "Gosio, Denis"]
[Black "Simeone, Giulio"]
[Result "1-0"]
[WhiteElo "2170"]
[BlackElo "2024"]
[PlyCount "71"]
[EventDate "2004.08.20"]

1.e4 c6 2.d4 d5 3.Nc3 dxe4 4.Nxe4 g6 5.h3 Bg7 6.Nf3 Nd7 7.Bc4 Ngf6 8.Ng3 
O-O 9.O-O c5 10.dxc5 Nxc5 11.Qe2 Qc7 12.Re1 e6 13.Ne5 Nd5 14.a3 b6 15.Bd2 
Bb7 16.Ba2 Rfd8 17.c4 Nf6 18.Bf4 Qe7 19.f3 Nfd7 20.Nxd7 Rxd7 21.Rad1 Rad8 
22.Rxd7 Rxd7 23.Be3 Qh4 24.Bf2 Nd3 25.Rd1 Nf4 26.Qe1 Rxd1 27.Qxd1 Bxb2 28.
Qd6 Qh6 29.Qb8+ Kg7 30.Qxb7 Nd3 31.Nf1 Nxf2 32.Kxf2 Bd4+ 33.Ke2 Qc1 34.Qe4
Qb2+ 35.Kd1 Qa1+ 36.Qb1 1-0

[Event "XXIV Festival Conca della Presolana A"]
[Site "Bratto - Castione della Presolana ITA"]
[Date "2004.08.21"]
[Round "2"]
[White "Guido, Flavio"]
[Black "Agrifoglio, Fabio"]
[Result "1-0"]
[WhiteElo "2338"]
[BlackElo "2022"]
[PlyCount "97"]
[EventDate "2004.08.20"]

1.e4 e6 2.d3 Nf6 3.Nf3 d5 4.Nbd2 c5 5.g3 Nc6 6.Bg2 Be7 7.O-O O-O 8.Re1 Re8
9.e5 Nd7 10.Nf1 f6 11.exf6 Bxf6 12.Ne3 Nb6 13.Ng4 e5 14.Nxf6+ gxf6 15.Nh4 
Qd7 16.c3 Qf7 17.Bf3 Rd8 18.Bh6 Be6 19.Bh5 Qe7 20.Qf3 Nc8 21.Nf5 Bxf5 22.
Qxf5 Nd6 23.Qh3 Kh8 24.Re2 Nf7 25.Bd2 Ng5 26.Qh4 Qg7 27.f4 Nf7 28.Bxf7 
Qxf7 29.fxe5 Nxe5 30.Rf1 Re8 31.Rxf6 Nf3+ 32.Kf2 Rxe2+ 33.Kxe2 Nxh4 34.
Rxf7 Ng6 35.Bg5 b6 36.h4 Re8+ 37.Kd2 Ne5 38.Bf6+ Kg8 39.Rg7+ Kf8 40.Bxe5 
Rxe5 41.Rxh7 a5 42.Rh6 b5 43.Ra6 Rf5 44.Rxa5 Rf2+ 45.Kc1 Ke7 46.Rxb5 Kd6 
47.Rb6+ Ke5 48.Rc6 c4 49.dxc4 1-0

[Event "XXIV Festival Conca della Presolana A"]
[Site "Bratto - Castione della Presolana ITA"]
[Date "2004.08.21"]
[Round "2"]
[White "Jonkman, Harmen"]
[Black "Capitelli, Paolo"]
[Result "1-0"]
[WhiteElo "2425"]
[BlackElo "2137"]
[PlyCount "89"]
[EventDate "2004.08.20"]

1.e4 c5 2.c3 d5 3.exd5 Qxd5 4.d4 e6 5.Nf3 Nf6 6.Bd3 Be7 7.O-O O-O 8.Be3 
cxd4 9.cxd4 Nc6 10.Nc3 Qd6 11.a3 a6 12.Qc2 g6 13.Rad1 b5 14.Ne4 Nxe4 15.
Bxe4 Bb7 16.d5 exd5 17.Bxd5 Nb4 18.axb4 Bxd5 19.Bc5 Qe6 20.Rde1 Qg4 21.h3 
Qc4 22.Qxc4 Bxc4 23.Bxe7 Rfe8 24.Bf6 Bxf1 25.Rxf1 Re6 26.Bc3 Rd8 27.Ra1 h6
28.g4 Rd3 29.Kg2 Kf8 30.Nd4 Rd6 31.Nb3 Rd1 32.Ra3 Rc6 33.Nc5 Rdd6 34.Ra1 
f5 35.gxf5 gxf5 36.Kf3 Kf7 37.Kf4 Kg6 38.Rg1+ Kh5 39.Kxf5 a5 40.Ne4 Rd5+ 
41.Be5 Rd3 42.Rg3 Rxg3 43.fxg3 a4 44.Nf6+ Rxf6+ 45.Bxf6 1-0

[Event "XXIV Festival Conca della Presolana A"]
[Site "Bratto - Castione della Presolana ITA"]
[Date "2004.08.21"]
[Round "2"]
[White "Karr, Jean-Philippe"]
[Black "Sardo, Gabriele"]
[Result "1-0"]
[WhiteElo "2370"]
[BlackElo "2202"]
[PlyCount "85"]
[EventDate "2004.08.20"]

1.d4 d5 2.c4 c6 3.Nf3 Nf6 4.Nc3 a6 5.c5 Nbd7 6.Bf4 Nh5 7.e3 Nxf4 8.exf4 g6
9.h4 Bg7 10.h5 b6 11.cxb6 Qxb6 12.Qd2 Rb8 13.b3 c5 14.Rd1 e6 15.Be2 O-O 
16.Kf1 Qd6 17.hxg6 hxg6 18.Qe3 Rb4 19.Na4 cxd4 20.Nxd4 Re8 21.f5 e5 22.
fxg6 Qxg6 23.Bh5 Qf6 24.Nc3 Bb7 25.Nf3 d4 26.Nxd4 Nf8 27.Nf3 e4 28.Ng5 Ng6
29.Nd5 Bxd5 30.Rxd5 Qa1+ 31.Qe1 Qxe1+ 32.Kxe1 e3 33.fxe3 Rxe3+ 34.Kd2 Rg3 
35.Bf3 Nf4 36.Rd8+ Bf8 37.Nh7 Ne6 38.Rxf8+ Kg7 39.Rc8 Rd4+ 40.Ke3 Rd8 41.
Rxd8 Nxd8 42.Kf4 Rg6 43.Ng5 1-0

[Event "XXIV Festival Conca della Presolana A"]
[Site "Bratto - Castione della Presolana ITA"]
[Date "2004.08.21"]
[Round "2"]
[White "Lanzani, Mario"]
[Black "Bartolozzi, Roberto"]
[Result "1-0"]
[WhiteElo "2365"]
[BlackElo "2104"]
[PlyCount "81"]
[EventDate "2004.08.20"]

1.Nf3 d5 2.d4 Nf6 3.c4 e6 4.g3 Bb4+ 5.Bd2 Bxd2+ 6.Nbxd2 O-O 7.Bg2 c6 8.O-O
Qe7 9.Qc2 dxc4 10.Nxc4 Rd8 11.Rad1 Bd7 12.e4 Be8 13.e5 Nd5 14.Rfe1 Nd7 15.
Nd6 Nf8 16.Ne4 Rac8 17.h4 b6 18.a3 c5 19.dxc5 bxc5 20.Nfd2 Nb6 21.Nd6 Rc7 
22.N2c4 Nxc4 23.Qxc4 Bc6 24.Bxc6 Rxc6 25.b4 Nd7 26.Qd3 Rb8 27.b5 Rc7 28.a4
Nb6 29.a5 c4 30.Qd4 Nd5 31.Rb1 c3 32.Rec1 f6 33.Ne4 f5 34.Nd6 f4 35.b6 
axb6 36.axb6 Rc6 37.b7 fxg3 38.fxg3 g5 39.Rb5 Rxd6 40.exd6 Qxd6 41.Rxc3 
1-0

[Event "XXIV Festival Conca della Presolana A"]
[Site "Bratto - Castione della Presolana ITA"]
[Date "2004.08.21"]
[Round "2"]
[White "Lapiccirella, Daniele"]
[Black "Contini, Gabriele"]
[Result "1/2-1/2"]
[WhiteElo "2104"]
[BlackElo "2048"]
[PlyCount "64"]
[EventDate "2004.08.20"]

1.d4 d5 2.c4 c5 3.cxd5 Qxd5 4.Nf3 cxd4 5.Nc3 Qa5 6.Nxd4 Nf6 7.Nb3 Qh5 8.
Bf4 e5 9.Bg3 Bg4 10.f3 Be6 11.e4 Nc6 12.Bb5 Bb4 13.O-O O-O 14.Bxc6 bxc6 
15.Na4 Qg5 16.Qc1 Qxc1 17.Rfxc1 Bxb3 18.axb3 Nd7 19.Rxc6 f6 20.Bf2 a5 21.
Rc7 Rf7 22.Rd1 Nf8 23.Rxf7 Kxf7 24.Nb6 Rb8 25.Kf1 Ne6 26.Rd7+ Ke8 27.Ra7 
Rd8 28.Nd5 Rc8 29.Nxb4 Rc1+ 30.Ke2 axb4 31.Kd2 Rb1 32.Kc2 Rh1 1/2-1/2

[Event "XXIV Festival Conca della Presolana A"]
[Site "Bratto - Castione della Presolana ITA"]
[Date "2004.08.21"]
[Round "2"]
[White "Lapiccirella, Mattia"]
[Black "Maiorov, Nikita"]
[Result "0-1"]
[WhiteElo "2233"]
[BlackElo "2414"]
[PlyCount "50"]
[EventDate "2004.08.20"]

1.d4 Nf6 2.c4 e6 3.Nf3 b6 4.g3 Ba6 5.Qa4 Bb7 6.Bg2 Be7 7.O-O O-O 8.b4 d5 
9.Ne5 c6 10.Bb2 dxc4 11.Nxc6 Bxc6 12.Bxc6 Nxc6 13.Qxc6 Rc8 14.Qa4 Nd5 15.
Rc1 Bxb4 16.e4 c3 17.Ba3 Bxa3 18.Qxa3 Nf6 19.Nxc3 Qxd4 20.Nb5 Qd2 21.Nxa7 
Ng4 22.Rf1 Rc3 23.Qe7 Ne3 24.Qb4 Nxf1 25.Rxf1 Rxg3+ 0-1

[Event "XXIV Festival Conca della Presolana A"]
[Site "Bratto - Castione della Presolana ITA"]
[Date "2004.08.21"]
[Round "2"]
[White "Maccagno, Giancarlo"]
[Black "Turci, Alberto"]
[Result "1-0"]
[WhiteElo "2099"]
[BlackElo "2023"]
[PlyCount "71"]
[EventDate "2004.08.20"]

1.e4 Nf6 2.d3 d5 3.Nd2 c5 4.Ngf3 Bg4 5.Be2 e6 6.O-O Be7 7.c3 O-O 8.h3 Bxf3
9.Bxf3 Nc6 10.Re1 Ne5 11.Be2 Ng6 12.Bf1 Qc7 13.Nf3 Rfd8 14.e5 Nd7 15.d4 c4
16.Nh2 Nh4 17.g3 Nf5 18.g4 Nh4 19.Bd2 Nf8 20.Be2 b5 21.Rf1 a5 22.Qe1 b4 
23.f4 bxc3 24.bxc3 Rdb8 25.f5 g5 26.f6 Ba3 27.Bxg5 Nhg6 28.Bc1 Bb2 29.Bxb2
Nd7 30.Ba3 Ndxe5 31.dxe5 Qxe5 32.Bd1 Qc7 33.Qe3 Kh8 34.Bc2 Nh4 35.Qf4 Qa7+
36.Qf2 1-0